书目信息 |
| 题名: |
高层与公共建筑施工实例
|
|
| 作者: | 黄宗襄 主编 | |
| 分册: | ||
| 出版信息: | 上海 同济大学出版社 1999.05 |
|
| 页数: | 267页 | |
| 开本: | 16开 | |
| 丛书名: | ||
| 单 册: | ||
| 中图分类: | ||
| 科图分类: | ||
| 主题词: | 高层建筑--工程施工 , 高层建筑--工程施工--工程机械 , 高层建筑--工程施工--施工机具 , 高层建筑--工程施工--设备 | |
| 电子资源: | ||
| ISBN: | 7-5608-2021-2 | |
| 000 | 00707nam0 2200229 45 | |
| 001 | 9909141755 | |
| 005 | 19990914170731.8 | |
| 010 | @a7-5608-2021-2@dRMB 26.00 | |
| 100 | @a19990914d1999 km y0chiy0120 ea | |
| 101 | @achi | |
| 200 | 1 | @a高层与公共建筑施工实例@AGao Ceng Yu Gong Gong Jian Zhu Shi Gong Shi Li@f黄宗襄主编@FHuang Zong Xiang Zhu Bian |
| 210 | @a上海@c同济大学出版社@d1999.05 | |
| 215 | @a267页@d16开 | |
| 606 | 0 | @a高层建筑@x工程施工 |
| 606 | 0 | @a高层建筑@x工程施工@x工程机械 |
| 606 | 0 | @a高层建筑@x工程施工@x施工机具 |
| 606 | 0 | @a高层建筑@x工程施工@x设备 |
| 690 | @v3 | |
| 690 | @aTU974 | |
| 701 | @a黄宗襄@4主编 | |
| 801 | @aCN@bPFTUser@c19990914 | |
| 905 | @f2@b40576-577@dTU974@eH904 | |
| 高层与公共建筑施工实例/黄宗襄主编.-上海:同济大学出版社,1999.05 |
| 267页;16开 |
| ISBN 7-5608-2021-2:RMB 26.00 |
| ● |
| 相关链接 |
|
|
|
正题名:高层与公共建筑施工实例
索取号:TU974/H904
 
预约/预借
| 序号 | 登录号 | 条形码 | 馆藏地/架位号 | 状态 | 备注 |
| 1 | 354121 | 203541211 | 自科二线404/404自科库 18排4列1层/ [索取号:TU974/H904] | 在馆 | |
| 2 | 354122 | 203541220 | 建筑库201/201建筑库 58排2列4层/ [索取号:TU974/H904] | 在馆 | |
| 3 | 354123 | 203541239 | 自科二线404/404自科库 19排1列2层/ [索取号:TU974/H904] | 在馆 | |
| 4 | 354124 | 203541248 | 自科二线404/404自科库 19排2列3层/ [索取号:TU974/H904] | 在馆 | |
| 5 | 354125 | 203541257 | 自科二线404/404自科库 18排4列1层/ [索取号:TU974/H904] | 在馆 | |
| 6 | 40576 | 200405766 | 自科二线404/404自科库 19排2列3层/ [索取号:TU974/H904] | 在馆 | |
| 7 | 40577 | 200405775 | 自科二线404/404自科库 19排2列3层/ [索取号:TU974/H904] | 在馆 | |
| 8 | 41195 | 200411955 | 自科二线404/404自科库 18排4列1层/ [索取号:TU974/H904] | 在馆 | |
| 9 | 41196 | 200411964 | 自科二线404/404自科库 19排2列3层/ [索取号:TU974/H904] | 在馆 | |
| 10 | 42550 | 200425502 | 自科二线404/404自科库 24排6列3层/ [索取号:TU974/H904] | 在馆 | |
| 11 | 42551 | 200425511 | 自科二线404/404自科库 25排2列3层/ [索取号:TU974/H904] | 在馆 | |
| 12 | 42552 | 200425520 | 自科二线404/404自科库 19排2列3层/ [索取号:TU974/H904] | 在馆 | |
| 13 | 42553 | 200425539 | 建筑库201/201建筑库 58排2列4层/ [索取号:TU974/H904] | 在馆 | |
| 14 | 42554 | 200425548 | 自科二线404/404自科库 19排1列2层/ [索取号:TU974/H904] | 在馆 |